00491 2200193 4500001002100000005001500021035002000036007000300056008004100059020002200100082000800122084001400130100002100144245005500165260003400220300001600254650001700270856001000287INLIS00000000000819020260409033110 a0010-0426000010ta260409 0 ind  a978-602-70605-4-8 a200 a200 YUS p0 aYusuf Hanafi,dkk1 aPendidikan Islam Transformatif /cYusuf Hanafi,dkk aMalang :bDream Litera,c2016 a272 ;c25cm 4aPEMBELAJARAN aAGAMA